000 02097nam a22002417a 4500
005 20140904124945.0
010 _aENG-110729
020 _a9788132113188
_c895.00
035 _aEN-94261
037 _bDBAD/PUB
082 _a301.01
245 _aPostmodernism in a global perspective /
_cedited by Samir Dasgupta [and] Peter Kivisto
260 _aNew Delhi
_bSage Publications
_c2014
270 _aB1/ I-1 Mohan Cooperative Industrial Area,Mathura Road
_bNew Delhi
_e110044
300 _axx,285p.
_c22cm(Hb)
500 _a Includes bibliographical references and index.
505 _aAcknowledgements -- Introduction: postmodernism in global perspective / by Samir Dasgupta and Peter -- Kivisto -- Framing postmodernism in global terms -- Dialectics of globalization : from theory to practice / Douglas Kellner -- After developmentalism and globalization, what? / Immanuel Wallerstein -- 21st century globalization : sociological perspectives / Jan Nederveen Pieterse -- Explicating postmodernism -- The emergence of postmodern theory in sociology / Andy Scerri -- Postmodernity as an internal critique of modernity / Peter Kivisto -- Modernity and postmodernity / Nico Stehr and Jason L. Mast -- Sociology and postmodern risk / Samir Dasgupta -- Postmodernism and sociology : can solidarity be a substitute for objectivity? / Murray Milner, Jr -- Many faces of postmodernism : gender, market religions, management -- Philosophy, and culture -- Feminism, postmodern contentions, and emancipatory politics / Rosalind A. Sydie -- Julia kristeva : toward a postmodern philosophy of feminism / Mahbuba Nasreen -- "Market religions" and postmodern globalization theory / Gabriel Ignatow and Lindsey A. Johnson -- Critical management studies (cmc) and post-modernist movements / Ananda Das Gupta -- Globalization, postmodernism, and literary criticism / Imre Szeman -- About the editors and contributors -- Index.
650 _aPostmodernism.
650 _aSociology
_xPhilosophy.
700 _aDasgupta, Samir
700 _aKivisto, Peter
942 _2ddc
_cEN
_h301.01
_mPOS
999 _c88289
_d88289